Words on the page, the world in your hands

Prose and poetry written, selected, and adapted by contemporary writers for adults in literacy programs and others who wish to expand their reading horizons.

Tallennettuna:
Bibliografiset tiedot
Aineistotyyppi: Kirja
Kieli:Undetermined
Julkaistu: New York, US Perennial library 1990
Aiheet:
Tagit: Lisää tagi
Ei tageja, Lisää ensimmäinen tagi!
Thư viện lưu trữ: Trung tâm Học liệu Trường Đại học Cần Thơ
LEADER 00743nam a2200193Ia 4500
001 CTU_141344
008 210402s9999 xx 000 0 und d
082 |a 428.62/B.2 
082 |b W924 
245 0 |a Words on the page, the world in your hands 
245 0 |c Edited by Catherine Lipkin, Virginia Solotaroff 
260 |a New York, US 
260 |b Perennial library 
260 |c 1990 
520 |a Prose and poetry written, selected, and adapted by contemporary writers for adults in literacy programs and others who wish to expand their reading horizons. 
650 |a American literature,Văn học Mỹ 
650 |y 20 century,Thế kỷ 20 
904 |i Trọng Hiếu 
980 |a Trung tâm Học liệu Trường Đại học Cần Thơ